000 00608nam a22002177a 4500
003 UA-OsUOA
001 100525
007 ta
008 20130528b un ||||| |||| 00| 0 ukr d
100 _aДенисов І.
090 _a330(477)
_bД33
942 _cSA
040 _aUA-OsUOA
_bukr
_cUA-OsUOA
_dUA-OsUOA
245 _aСучасний етап розвитку фінансової безпеки електронних розрахунків
300 _aС.22-28
955 _a0
041 _aukr
080 _a330(477)
773 0 _w100521
650 7 _a330 Економіка взагалі
_2UDC
999 _c387166
_d387166